000 00665cab a2200253 4500
001 A221
008 090401t1983 xxu||||| |||| 00| 0 eng d
035 _a(Sirsi) u27872
041 _aeng
100 _aSherman, Paul
245 _aLondon commercial office space survey: a survey and analysis of office development
260 _c1983
350 _a0
490 _aJournal of Valuation
_v1(2) 1983, 160-177(18)
650 _aCENTRAL LONDON
650 _aFLOORSPACE STATISTICS
650 _aLONDON
650 _aOFFICE SPACE
650 _aOFFICES
650 _aRESEARCH
690 _aPROPERTY-COMMERCIAL PROPERTY
942 _n0
948 _c04/03/1997
999 _c18786
_d18786